| 000 | 00798cam a22002413a 4500 | ||
|---|---|---|---|
| 001 | 27961 | ||
| 003 | PGUSA | ||
| 005 | 20140828083614.0 | ||
| 008 | 090201s2009||||xxu|||||s|||||000 | eng d | ||
| 040 |
_aPGUSA _beng |
||
| 042 | _adc | ||
| 050 | 4 | _aF2001 | |
| 100 | 1 | _aVerschuur, Gerrit | |
| 245 | 1 | 0 |
_aOp Martinique en Sint-Vincent, de veelgeteisterde eilanden : _bDe Aarde en haar Volken, 1904 _h[electronic resource] / _cGerrit Verschuur |
| 260 |
_bProject Gutenberg, _c2009 |
||
| 506 | _aPublic domain in the USA. | ||
| 516 | _aElectronic text | ||
| 653 | _aSoufrière (Saint Vincent and the Grenadines) -- Eruption, 1902 | ||
| 653 | _aPelée, Mount (Martinique) -- Eruption, 1902 | ||
| 830 | 0 |
_aProject Gutenberg _v27961 |
|
| 856 | 4 | 0 | _uhttp://www.gutenberg.org/ebooks/27961 |
| 942 | _cEB | ||
| 999 |
_c257216 _d257216 |
||